|
|
|
|
| LEADER |
00000nam0a2200000 4500 |
| 001 |
80126 |
| 005 |
20231101213107.0 |
| 035 |
|
|
|a (RuTPU)RU\TPU\book\86125
|
| 090 |
|
|
|a 80126
|
| 100 |
|
|
|a 20050901d1982 k y0rusy50 ca
|
| 101 |
0 |
|
|a rus
|c eng
|
| 102 |
|
|
|a RU
|
| 105 |
|
|
|a a z 001zy
|
| 200 |
1 |
|
|a Химия золота
|e пер. с англ.
|f Р. Паддефет
|
| 210 |
|
|
|a Москва
|c Мир
|d 1982
|
| 215 |
|
|
|a 264 с.
|c ил.
|
| 320 |
|
|
|a Библиогр. в конце глав
|
| 606 |
1 |
|
|a Золото
|x Химия
|2 stltpush
|3 (RuTPU)RU\TPU\subj\75147
|9 87018
|
| 610 |
1 |
|
|a соединения
|
| 610 |
1 |
|
|a комплексы
|
| 610 |
1 |
|
|a органические соединения
|
| 610 |
1 |
|
|a реакции
|
| 610 |
1 |
|
|a спектроскопические исследования
|
| 610 |
1 |
|
|a применение
|
| 610 |
1 |
|
|a анализ
|
| 675 |
|
|
|a 546.59
|v 3
|
| 700 |
|
1 |
|a Паддефет
|b Р.
|
| 801 |
|
1 |
|a RU
|b 63413507
|c 20050901
|g PSBO
|
| 801 |
|
2 |
|a RU
|b 63413507
|c 20160302
|g PSBO
|
| 942 |
|
|
|c BK
|